Puti i labirinty Očerki po istorii matematiky
Na minha lista:
| Formato: | Livro |
|---|---|
| Idioma: | russo |
| Publicado em: |
Moskva
Mir
1986
|
| Edição: | 1. izd. |
| Colecção: | Sovremennaja matematika
|
| Tags: |
Sem tags, seja o primeiro a adicionar uma tag!
|
MARC
| LEADER | 00000nam a2200000 4500 | ||
|---|---|---|---|
| 001 | c037397 | ||
| 005 | 20250930123034.3 | ||
| 041 | 0 | |a rus | |
| 044 | |a RU | ||
| 245 | 1 | 0 | |a Puti i labirinty |b Očerki po istorii matematiky |c Amy Dahan-Dalmédico ; [Z franc. prel.] A.A. Brjandinsko |
| 250 | |a 1. izd. | ||
| 264 | 1 | |a Moskva |b Mir |c 1986 | |
| 300 | |a 431 s. | ||
| 490 | 1 | |a Sovremennaja matematika | |
| 830 | 0 | |a Sovremennaja matematika | |